00878 2200229 4500001002100000005001700021008004100038035002500079040001200104082001400116084001900130100002500149245017500174260007300349300003100422500009100453504002900544650003100573700001400604850001200618990001800630INLIS00000000000855020150805102441.0  a0010-071500000001233 aYOPDYOG 223a363.4 aSK 363.4 Sit H aSITTA Akhirul Amanah aHubungan tingkat pengetahuan tentang HIV/AIDS dengan sikap terhadap perilaku seks bebas remaja siswa kelas XI di SMANegeri 7 Yogyakarta tahun 2007c/ Sitta Akhirul Amanah aYogyakartabSekolah Tinggi Ilmu Kesehatan 'Aisyiyah Yogyakartac2007 axiv, 59 lembarc; 29,5 cm. aTugas Akhir Program Studi Kebidanan Sekolah Tinggi Ilmu Kesehatan 'Aisyiyah Yogyakarta aBibliografi : hlm. 58-59 aRemaja -- Perilaku seksual aANJARWATI aYOPDYOG a46965-PD/A.15